World Class Companies Creating And Sustaining (Record no. 316224)

MARC details
000 -LEADER
fixed length control field 00400nam a2200145Ia 4500
008 - FIXED-LENGTH DATA ELEMENTS--GENERAL INFORMATION
fixed length control field 230718s9999 xx 000 0 und d
041 ## - LANGUAGE CODE
Language code of text/sound track or separate title eng
082 ## - DEWEY DECIMAL CLASSIFICATION NUMBER
Classification number 658.4'0330
Item number CHO
100 ## - MAIN ENTRY--PERSONAL NAME
Personal name Chowdary N.
9 (RLIN) 167529
245 ## - TITLE STATEMENT
Title World Class Companies Creating And Sustaining
260 ## - PUBLICATION, DISTRIBUTION, ETC. (IMPRINT)
Name of publisher, distributor, etc. Icfai Books
365 ## - TRADE PRICE
Currency code Rs.
Price amount 400.00
700 ## - ADDED ENTRY--PERSONAL NAME
Personal name Chowdary N.
9 (RLIN) 167529
906 ## - LOCAL DATA ELEMENT F, LDF (RLIN)
d B:106070149414-Feb-2007
c IT
b 80
Holdings
Withdrawn status Lost status Damaged status Not for loan Home library Current library Date acquired Vendor Budget Code Cost, normal purchase price Bill number Total Checkouts Full call number Barcode Date last seen Discount Cost, replacement price Bill Date Koha item type Original Barcode
        Cummins College of Engineering for Women Pune Cummins College of Engineering for Women Pune 30/03/2007 Varma Book Distributors IT 320.00 1060701494   658.4'0330 CCEP-BK-27431 18/07/2023 80 400.00 14/02/2007 Books 027431